| 000 | 01255nam a2200397 c 4500 | ||
|---|---|---|---|
| 999 |
_c49599 _d49599 |
||
| 001 | 49599 | ||
| 003 | ES-MaCES | ||
| 005 | 20170629134147.0 | ||
| 008 | 170629s2017 sp s o000 ||spa d | ||
| 017 |
_aM 12781-1960 _bDL |
||
| 017 |
_aM 28512-1999 (CD-ROM) _bDL |
||
| 024 | 7 |
_a065-17-001-7 _2nipo |
|
| 024 | 7 |
_a065-17-003-8 (CD-ROM) _2nipo |
|
| 040 |
_aES-MaCES _bspa _cES-MaCES |
||
| 245 | 0 | 0 |
_aAnuario estadístico de España 2017 _cInstituto Nacional de Estadística |
| 260 |
_aMadrid _bINE _c2017 |
||
| 300 |
_aXIV, 625 p. _c30 cm _e1 CD-ROM |
||
| 500 | _aPubl. también en soporte CD-ROM | ||
| 541 | _cGratuito | ||
| 650 | 4 |
_acondiciones económicas _927081 |
|
| 650 | 4 |
_aindicador económico _927073 |
|
| 650 | 4 |
_acondiciones sociales _930469 |
|
| 650 | 4 |
_aindicador social _927259 |
|
| 650 | 4 |
_apoblación _928509 |
|
| 650 | 4 |
_aterritorio _926789 |
|
| 650 | 4 |
_amedio ambiente _928715 |
|
| 650 | 4 |
_a2017 _936991 |
|
| 650 | 4 |
_aanuario _928963 |
|
| 650 | 4 |
_adatos estadísticos _930765 |
|
| 650 | 4 |
_aCD ROM _930331 |
|
| 653 | 1 | 0 | _aEstadísticas |
| 710 | 2 |
_aInstituto Nacional de Estadística (España) _94273 |
|
| 787 | 0 |
_tAnuario estadístico de España 2016 _w(ES-MaCES)47770 |
|
| 902 | _aLIB Libro | ||
| 942 |
_2CES _cBK _h8.0. |
||